[Event "Titled Tue 24th Jun Early"]
[Site "chess.com INT"]
[Date "2025.06.24"]
[Round "4"]
[White "Marchesich, Giovanni"]
[Black "Gustafsson, Jan"]
[Result "0-1"]
[WhiteTitle "CM"]
[BlackTitle "GM"]
[WhiteElo "2189"]
[BlackElo "2591"]
[WhiteFideId "2824790"]
[BlackFideId "4625498"]
[EventDate "2025.06.24"]

1. e4 e5 2. Nf3 Nc6 3. Bc4 Nf6 4. d3 Bc5 5. O-O O-O 6. Nc3 a6 7. a3 h6 8. h3 d6
9. Be3 Bxe3 10. fxe3 Be6 11. Bxe6 fxe6 12. Qe1 Qe7 13. Qg3 Rf7 14. Rf2 Raf8 15.
Raf1 Nh5 16. Qh2 Nf6 17. g4 Nh7 18. Qg3 Ng5 19. Nxg5 Qxg5 20. Rxf7 Rxf7 21. Rxf7
Kxf7 22. Kg2 Ne7 23. h4 Qf6 24. Qf3 Ng6 25. Qxf6+ gxf6 26. Kg3 Ne7 27. Ne2 Kg6
28. h5+ Kf7 29. Ng1 f5 30. exf5 exf5 31. Nf3 Kf6 32. Kh4 fxg4 33. Kxg4 Nf5 34.
Ne1 Nxe3+ 35. Kf3 Nf5 36. Kg4 Ne3+ 37. Kf3 Nd5 38. Ng2 Kg5 39. c4 Nf4 40. Ne3
Nxd3 41. Nd5 Nxb2 42. Nxc7 0-1

[Event "Titled Tue 24th Jun Early"]
[Site "chess.com INT"]
[Date "2025.06.24"]
[Round "4"]
[White "Karpenko, Anton"]
[Black "Naroditsky, Daniel"]
[Result "0-1"]
[WhiteTitle "CM"]
[BlackTitle "GM"]
[WhiteElo "2219"]
[BlackElo "2619"]
[WhiteFideId "34374353"]
[BlackFideId "2026961"]
[EventDate "2025.06.24"]

1. e4 c5 2. Nf3 Nc6 3. d4 cxd4 4. Nxd4 g6 5. c4 Bg7 6. Be3 Qb6 7. Nb5 Qa5+ 8.
N5c3 d6 9. f3 Qb4 10. Qd2 Be6 11. Be2 Nf6 12. b3 O-O 13. O-O Nd7 14. Rc1 Nc5 15.
Bh6 Bxh6 16. Qxh6 f5 17. Nd5 Bxd5 18. exd5 Ne5 19. Qd2 Qxd2 20. Nxd2 a5 21. f4
Ned3 22. Rf1 a4 23. Rf3 Nb4 24. Bd1 axb3 25. Nxb3 Rfc8 26. a3 Nbd3 27. Nd4 Nb2
28. Be2 Ne4 29. Rc1 Na4 30. Ne6 Nac5 31. Nxc5 Rxc5 32. Rb3 Ra7 33. g3 Rca5 34.
Ra1 Nc5 35. Re3 Kf7 36. Rb1 Rxa3 37. Rxa3 Rxa3 38. Rb4 Ra2 39. Kf2 Nd3+ 0-1

[Event "Titled Tue 24th Jun Early"]
[Site "chess.com INT"]
[Date "2025.06.24"]
[Round "4"]
[White "Al-Tarboush, Ward"]
[Black "Koshulyan, Egor A."]
[Result "1-0"]
[WhiteTitle "FM"]
[BlackTitle "FM"]
[WhiteElo "2223"]
[BlackElo "2235"]
[WhiteFideId "7601450"]
[BlackFideId "24237000"]
[EventDate "2025.06.24"]

1. e4 c5 2. Nf3 Nc6 3. d4 cxd4 4. Nxd4 Nf6 5. Nc3 e5 6. Ndb5 d6 7. Bg5 a6 8. Na3
Be6 9. Be2 Be7 10. O-O O-O 11. Nc4 Nd4 12. Ne3 Rc8 13. Bd3 Nc6 14. Qf3 Kh8 15.
a3 Nd4 16. Qd1 Nc6 17. Kh1 h6 18. Bxf6 Bxf6 19. Ned5 Bg5 20. g3 Bh3 21. Re1 Nd4
22. f4 exf4 23. gxf4 Bh4 24. Re3 Bd7 25. Qh5 Bf2 26. f5 Bxe3 27. Nxe3 Qg5 28.
Qh3 Bc6 29. Rg1 Qf4 30. Ncd5 Qe5 31. Ng4 Qxd5 32. exd5 Bxd5+ 33. Rg2 Rfe8 34.
Kg1 Bxg2 35. Kxg2 Nxc2 36. f6 Ne1+ 37. Kf1 Re6 38. fxg7+ Kxg7 39. Nxh6 Rc1 40.
Nf5+ Kg8 41. Qg3+ Rg6 42. Ne7+ Kg7 43. Nxg6 Nxd3+ 44. Ke2 fxg6 45. Qxd3 Rg1 46.
Qd4+ 1-0

[Event "Titled Tue 24th Jun Early"]
[Site "chess.com INT"]
[Date "2025.06.24"]
[Round "4"]
[White "Reprintsev, Alexander"]
[Black "Viskelis, Darius"]
[Result "1-0"]
[WhiteTitle "IM"]
[BlackTitle "FM"]
[WhiteElo "2256"]
[BlackElo "2170"]
[WhiteFideId "14100541"]
[BlackFideId "12800830"]
[EventDate "2025.06.24"]

1. e4 c5 2. b3 Nc6 3. Bb2 d6 4. Bb5 Bd7 5. Ne2 a6 6. Bxc6 Bxc6 7. d3 Nf6 8. c4
e5 9. f4 Ng4 10. Qd2 Qh4+ 11. g3 Qh3 12. Ng1 Qh5 13. h3 f5 14. Nc3 g6 15. O-O-O
Bg7 16. Nd5 Bxd5 17. exd5 O-O 18. Nf3 Nf6 19. Ng5 exf4 20. gxf4 Bh6 21. Ne6 Qh4
22. Kb1 Rf7 23. Rdf1 b5 24. Qa5 b4 25. Qb6 Qg3 26. Qxd6 Qxd3+ 27. Ka1 Ne4 28.
Qc6 Raa7 29. Qc8+ Bf8 30. Nxf8 Rxf8 31. Qe6+ Raf7 32. Qe5 Nc3 33. Rd1 Qf3 34.
Rc1 Qe4 35. Bxc3 bxc3 36. Rhe1 Qd4 37. Rcd1 Rd8 38. Rxd4 1-0

[Event "Titled Tue 24th Jun Early"]
[Site "chess.com INT"]
[Date "2025.06.24"]
[Round "4"]
[White "Delorme, Axel"]
[Black "Atoyan, Alberto"]
[Result "0-1"]
[WhiteTitle "GM"]
[BlackTitle "CM"]
[WhiteElo "2475"]
[BlackElo "2266"]
[WhiteFideId "632023"]
[BlackFideId "13314831"]
[EventDate "2025.06.24"]

1. e4 c5 2. Nf3 g6 3. c3 Bg7 4. d4 cxd4 5. cxd4 d5 6. e5 Nc6 7. Bb5 Bg4 8. Nbd2
e6 9. Bxc6+ bxc6 10. O-O Ne7 11. h3 Bxf3 12. Nxf3 Qb6 13. Qc2 Rc8 14. b4 Qxb4
15. Rb1 Qa5 16. Rb7 c5 17. Bg5 Nc6 18. Bf6 O-O 19. dxc5 Nd8 20. Bxd8 Rfxd8 21.
c6 Qa6 22. Rc1 Bh6 23. Rcb1 Rxc6 24. Qd1 Rdc8 25. Qd4 Qxa2 26. g3 Rc2 27. Nh4
Rxf2 0-1

[Event "Titled Tue 24th Jun Early"]
[Site "chess.com INT"]
[Date "2025.06.24"]
[Round "4"]
[White "Laddha, Shubh Jayesh"]
[Black "Hindermann, Felix"]
[Result "1-0"]
[WhiteTitle "FM"]
[BlackTitle "FM"]
[WhiteElo "2303"]
[BlackElo "2289"]
[WhiteFideId "30942799"]
[BlackFideId "1305212"]
[EventDate "2025.06.24"]

1. d4 e6 2. Nc3 d5 3. e4 Bb4 4. e5 c5 5. a3 Ba5 6. b4 cxd4 7. Qg4 Ne7 8. bxa5
dxc3 9. Qxg7 Rg8 10. Qxh7 Qc7 11. Nf3 Nbc6 12. Bf4 Bd7 13. a6 b6 14. Qd3 Rg4 15.
g3 O-O-O 16. Bh3 Rg7 17. Qxc3 Rh8 18. Bg2 Ng6 19. Be3 Ngxe5 20. Nxe5 Qxe5 21.
Qxe5 Nxe5 22. Bd4 f6 23. O-O-O Bb5 24. Rde1 Rh5 25. f4 Ng4 26. Rxe6 Kd7 27. Ree1
Rxh2 28. Bxd5 Rxh1 29. Rxh1 Bxa6 30. Bf3 Bc4 31. Kd2 Kd6 32. a4 Bd5 33. Bxd5
Kxd5 34. c3 Ke4 35. Ke2 Rg6 36. Rh8 Nh6 37. Re8+ Kd5 38. Kf3 Nf5 39. g4 Nxd4+
40. cxd4 Kxd4 41. f5 Rg7 42. Kf4 Rf7 43. Rc8 Kd5 44. g5 fxg5+ 45. Kxg5 Ke5 46.
Re8+ Kd5 47. f6 Kc4 48. Kg6 Rb7 49. Re7 Rb8 50. Rxa7 Kb4 51. f7 Kb3 52. Kg7 Rb7
53. Rxb7 1-0

[Event "Titled Tue 24th Jun Early"]
[Site "chess.com INT"]
[Date "2025.06.24"]
[Round "4"]
[White "Wijerathna, Vinuka Dihain"]
[Black "Smietanska, Wiktoria"]
[Result "1-0"]
[WhiteTitle "CM"]
[BlackTitle "CM"]
[WhiteElo "2049"]
[BlackElo "2238"]
[WhiteFideId "29981905"]
[BlackFideId "21869359"]
[EventDate "2025.06.24"]

1. e4 c5 2. Nc3 Nc6 3. Bb5 Nd4 4. Nf3 g6 5. O-O Bg7 6. Nxd4 cxd4 7. Ne2 a6 8.
Bc4 b5 9. Bb3 Bb7 10. d3 d5 11. Ng3 e6 12. Re1 Ne7 13. a4 O-O 14. h4 h5 15. Bg5
dxe4 16. Nxe4 Qc7 17. Qd2 Nd5 18. Bxd5 Bxd5 19. Nf6+ Bxf6 20. Bxf6 Kh7 21. Bxd4
Rac8 22. c3 Qc6 23. axb5 axb5 24. f3 Ra8 25. Qf4 f6 26. Rxa8 Qxa8 27. Bxf6 Qa7+
28. Qd4 Qf7 29. Bg5 Bxf3 30. Rf1 e5 31. Qe3 1-0

[Event "Titled Tue 24th Jun Early"]
[Site "chess.com INT"]
[Date "2025.06.24"]
[Round "4"]
[White "Adhiban, Baskaran"]
[Black "Kaasen, Tor Fredrik"]
[Result "1/2-1/2"]
[WhiteTitle "GM"]
[BlackTitle "IM"]
[WhiteElo "2509"]
[BlackElo "2470"]
[WhiteFideId "5018471"]
[BlackFideId "1516647"]
[EventDate "2025.06.24"]

1. e4 c5 2. Nf3 Nc6 3. Bb5 e6 4. c3 a6 5. Bxc6 bxc6 6. d4 d5 7. Qa4 Qb6 8. exd5
exd5 9. O-O Be6 10. Re1 Be7 11. Ng5 Bxg5 12. Bxg5 h6 13. Bh4 g5 14. Bg3 Ne7 15.
Bd6 cxd4 16. cxd4 Qb5 17. Qa3 Nf5 18. Nc3 Qb7 19. Na4 Nxd6 20. Qxd6 Rd8 21. Qe5
O-O 22. Qf6 Kh7 23. Re3 Qc7 24. Nc5 Qf4 25. Qxf4 gxf4 26. Rf3 Rb8 27. b3 a5 28.
Rxf4 Rfe8 29. h4 Kg6 30. Re1 Bf5 31. Kf1 h5 32. f3 a4 33. bxa4 Bc2 34. Rxe8 Rxe8
35. g4 f5 36. gxf5+ Bxf5 37. a5 Rb8 38. a6 Rb1+ 39. Kf2 Rb2+ 40. Ke1 Rxa2 41.
Kd1 Kf6 42. Kc1 Rc2+ 43. Kd1 Ra2 44. Ke1 Kg6 45. Kd1 Kf6 1/2-1/2

[Event "Titled Tue 24th Jun Early"]
[Site "chess.com INT"]
[Date "2025.06.24"]
[Round "4"]
[White "Waldhausen Gordon, Frederick"]
[Black "Galchenko, Matvey"]
[Result "0-1"]
[WhiteTitle "FM"]
[BlackTitle "IM"]
[WhiteElo "2395"]
[BlackElo "2435"]
[WhiteFideId "2409143"]
[BlackFideId "24175480"]
[EventDate "2025.06.24"]

1. Nf3 c5 2. b3 d5 3. e3 a6 4. Bb2 Nc6 5. d4 cxd4 6. Nxd4 Nf6 7. Nd2 e6 8. Bd3
Bd6 9. c4 dxc4 10. Bxc4 Ne5 11. Be2 O-O 12. O-O Qe7 13. N2f3 Rd8 14. Nxe5 Bxe5
15. Qc2 Bd7 16. Nc6 Bxh2+ 17. Kxh2 Bxc6 18. Rad1 Ne4 19. Bf3 Rac8 20. Rxd8+ Rxd8
21. Rd1 Rxd1 22. Bxd1 Qd6+ 23. Kg1 Ng5 24. Be2 Qd5 25. f3 f6 26. e4 Qd6 27. Kf2
Qf4 28. Bd3 h5 29. Bc1 Qh4+ 30. Kf1 Qh1+ 31. Kf2 Nf7 32. Bc4 Qh4+ 33. Kf1 Bd7
34. Qd2 Ne5 35. Qd6 Qh1+ 36. Kf2 Qxc1 37. Bxe6+ Bxe6 38. Qxe6+ Kh7 39. Qf5+ Kh6
40. f4 Ng4+ 0-1

[Event "Titled Tue 24th Jun Early"]
[Site "chess.com INT"]
[Date "2025.06.24"]
[Round "4"]
[White "Boci, Mateu"]
[Black "Vasquez Schroeder, Rodrigo"]
[Result "0-1"]
[WhiteTitle "FM"]
[BlackTitle "GM"]
[WhiteElo "2274"]
[BlackElo "2446"]
[WhiteFideId "4704665"]
[BlackFideId "3400042"]
[EventDate "2025.06.24"]

1. e4 e6 2. d4 d5 3. Nd2 Nf6 4. e5 Nfd7 5. Ngf3 c5 6. c3 Nc6 7. Bd3 cxd4 8. cxd4
Nb6 9. O-O Bd7 10. Re1 Nb4 11. Bb1 Ba4 12. b3 Bb5 13. Nf1 Qd7 14. a3 Nc6 15. Ng3
O-O-O 16. Bd2 Kb8 17. a4 Ba6 18. a5 Na8 19. Bc3 Rc8 20. Bd3 Nc7 21. Rc1 Ba3 22.
Ra1 Bb4 23. Qd2 Qe7 24. Rec1 h6 25. Ne2 Bxd3 26. Qxd3 Na6 27. Qd2 Rc7 28. Ne1
Rhc8 29. Nd3 Bxc3 30. Rxc3 Nxd4 31. Rxc7 Nxe2+ 32. Qxe2 Qxc7 33. h3 Qc2 34. Qf3
Qxb3 35. Re1 Nc5 36. Re3 Nxd3 37. Rxd3 Qb1+ 38. Kh2 Qb5 39. Rb3 Qd7 40. Qe3 Ka8
41. f4 f6 42. exf6 gxf6 43. Qg3 Qc7 44. Kh1 d4 45. Qd3 Qc1+ 46. Kh2 Qxf4+ 47.
Qg3 Qxg3+ 48. Kxg3 Rd8 49. Rd3 e5 50. Kf3 f5 51. Rd1 e4+ 52. Kf4 e3 53. Kf3 f4
54. Ke2 Kb8 55. Kd3 b6 56. a6 Rg8 57. Kxd4 Rd8+ 0-1

[Event "Titled Tue 24th Jun Early"]
[Site "chess.com INT"]
[Date "2025.06.24"]
[Round "4"]
[White "Zong, Davis"]
[Black "Subramanian, Anusha"]
[Result "0-1"]
[WhiteTitle "FM"]
[BlackTitle "WFM"]
[WhiteElo "2242"]
[BlackElo "2045"]
[WhiteFideId "30903955"]
[BlackFideId "477710"]
[EventDate "2025.06.24"]

1. d4 Nf6 2. c4 e6 3. g3 d5 4. Bg2 c6 5. Nf3 b6 6. O-O Bb7 7. Qc2 Ne4 8. b3 Nd7
9. Bb2 Bd6 10. Nfd2 f5 11. f3 Nxg3 12. hxg3 Bxg3 13. f4 Qh4 14. Nf3 Qxf4 15. Qd2
Qg4 16. Qg5 h5 17. Nbd2 Nf6 18. Qxg4 hxg4 19. Ne5 g5 20. Rfd1 Nh5 21. e3 Bxe5
22. dxe5 f4 23. exf4 gxf4 24. cxd5 exd5 25. e6 Rh6 26. Re1 f3 27. Nxf3 gxf3 28.
Bxf3 Ke7 29. Kf2 Rf8 30. Rh1 Rf5 31. Rae1 c5 32. Bc1 Rhf6 33. Rxh5 Rxh5 34. Rg1
Rhf5 35. Rg7+ Kxe6 36. Rg3 d4 0-1

[Event "Titled Tue 24th Jun Early"]
[Site "chess.com INT"]
[Date "2025.06.24"]
[Round "4"]
[White "Ganichev, Alexander"]
[Black "Andreev, Konstantin"]
[Result "0-1"]
[WhiteTitle "FM"]
[BlackTitle "FM"]
[WhiteElo "2241"]
[BlackElo "2208"]
[WhiteFideId "24143944"]
[BlackFideId "24239305"]
[EventDate "2025.06.24"]

1. e4 c5 2. Nf3 e6 3. d4 c4 4. Bxc4 b6 5. O-O Bb7 6. d5 a6 7. a4 Qc7 8. Bb3 Nf6
9. Nc3 Bb4 10. e5 Bxc3 11. d6 Qc6 12. bxc3 Ne4 13. Qd4 g5 14. Bb2 h5 15. Rad1 g4
16. Nh4 Ng5 17. f4 gxf3 18. Nxf3 Nxf3+ 19. Rxf3 Rg8 20. Rdf1 Qxf3 21. Rxf3 Bxf3
22. g3 b5 23. a5 Nc6 24. Qf4 Bg4 25. c4 Nxa5 26. Qf6 Nc6 27. Bc1 Kf8 28. Bh6+
Ke8 29. Kg2 Rb8 30. h3 Bf5 31. c5 Be4+ 32. Kh2 a5 33. c3 a4 34. Ba2 b4 35. cxb4
Rxb4 36. Qf2 a3 37. Bc1 Ra4 38. Qe2 Nxe5 39. Qb5 Nf3+ 40. Kg2 Nd4+ 41. Kf2 Nxb5 0-1

[Event "Titled Tue 24th Jun Early"]
[Site "chess.com INT"]
[Date "2025.06.24"]
[Round "4"]
[White "Szczepanek, Radoslaw"]
[Black "Ersoz, Teoman Guney"]
[Result "0-1"]
[WhiteTitle "CM"]
[BlackTitle "CM"]
[WhiteElo "2197"]
[BlackElo "2052"]
[WhiteFideId "1120395"]
[BlackFideId "44537050"]
[EventDate "2025.06.24"]

1. e4 c5 2. Nc3 e5 3. Bc4 Nc6 4. d3 d6 5. f4 Nf6 6. Nf3 Bg4 7. h3 Bxf3 8. Qxf3
Nd4 9. Qf2 a6 10. a4 Be7 11. O-O O-O 12. f5 Qd7 13. g4 b5 14. Bd5 Nxd5 15. Nxd5
bxa4 16. Nb6 Qc6 17. Nxa8 Rxa8 18. g5 f6 19. g6 h6 20. Rb1 d5 21. Re1 c4 22. Bd2
Nxc2 23. Qh4 Nxe1 24. Rxe1 Bf8 25. Rc1 Qb6+ 26. Kg2 Qxb2 27. Qf2 a3 28. exd5 a2
29. Qe1 Bb4 30. Rd1 Bxd2 31. Rxd2 a1=Q 32. Qf2 Qd4 33. Qf3 Qag1# 0-1

[Event "Titled Tue 24th Jun Early"]
[Site "chess.com INT"]
[Date "2025.06.24"]
[Round "4"]
[White "Nezamyatin, Ruslan"]
[Black "Thakersee, Akshay"]
[Result "1-0"]
[WhiteTitle "CM"]
[BlackTitle "CM"]
[WhiteElo "2070"]
[BlackElo "1629"]
[WhiteFideId "24153451"]
[BlackFideId "14321602"]
[EventDate "2025.06.24"]

1. g4 d5 2. h3 e5 3. Bg2 Nc6 4. c4 d4 5. d3 Be6 6. Nf3 Bd6 7. Qa4 Ne7 8. Nbd2
O-O 9. Ne4 Ng6 10. Ng3 Qd7 11. Bd2 Nce7 12. Qb3 c6 13. Ng5 Rab8 14. Nxe6 Qxe6
15. Qa4 a6 16. Be4 Nf4 17. Nf5 b5 18. Qxa6 bxc4 19. Bxf4 exf4 20. Nxd4 Qe5 21.
Qxc4 Rxb2 22. O-O Bc5 23. Nf3 Qd6 24. d4 Ba7 25. Rab1 Rfb8 26. Rxb2 Rxb2 27. Rb1
Rb6 28. Rxb6 Bxb6 29. Kg2 Nd5 30. a4 Ba5 31. Qa6 Bd8 32. Qc8 1-0

[Event "Titled Tue 24th Jun Early"]
[Site "chess.com INT"]
[Date "2025.06.24"]
[Round "4"]
[White "Rojas Alarcon, Julian Antonio"]
[Black "Dovgaliuk, Oleksandr"]
[Result "1-0"]
[WhiteTitle "FM"]
[WhiteElo "2365"]
[BlackElo "2190"]
[WhiteFideId "5107407"]
[BlackFideId "14167247"]
[EventDate "2025.06.24"]

1. d4 Nf6 2. c4 g6 3. Nc3 d5 4. Nf3 Bg7 5. Bf4 O-O 6. Rc1 dxc4 7. e4 c5 8. dxc5
Qa5 9. e5 Nh5 10. Be3 Rd8 11. Qa4 Qxa4 12. Nxa4 Na6 13. Bxc4 Nb4 14. Ke2 Bg4 15.
h3 Bxf3+ 16. Kxf3 Nc6 17. e6 Ne5+ 18. Ke2 f5 19. Bg5 Bf6 20. Bxf6 Nf4+ 21. Kf1
Nxc4 22. Bxe7 Nd2+ 23. Kg1 Re8 24. Rd1 Nf3+ 25. gxf3 Rxe7 26. Rd6 Rae8 27. Kh2
Rxe6 28. Kg3 g5 29. Nc3 Re1 30. Rd1 Rxh1 31. Rxh1 Nd3 32. Rd1 f4+ 33. Kg2 Nxc5
34. Rd5 Ne6 35. Ne4 Kf7 36. Nd6+ 1-0

[Event "Titled Tue 24th Jun Early"]
[Site "chess.com INT"]
[Date "2025.06.24"]
[Round "4"]
[White "Seiger, Vidar"]
[Black "Parfenov, Viktor N."]
[Result "1-0"]
[WhiteTitle "CM"]
[BlackTitle "CM"]
[WhiteElo "2224"]
[BlackElo "2193"]
[WhiteFideId "1756079"]
[BlackFideId "4165969"]
[EventDate "2025.06.24"]

1. d4 Nf6 2. Nf3 g6 3. Nbd2 Bg7 4. e4 d6 5. Bd3 O-O 6. O-O Nc6 7. c3 e5 8. h3
Nh5 9. d5 Ne7 10. Re1 h6 11. b4 a5 12. bxa5 Rxa5 13. c4 b6 14. a4 f5 15. exf5
gxf5 16. Nb3 Ra8 17. Nfd4 Nf6 18. Ne6 Bxe6 19. dxe6 Qc8 20. Qc2 Qxe6 21. Nd4 Qf7
22. Nxf5 Nxf5 23. Bxf5 e4 24. Bb2 Rae8 25. Ra2 Re7 26. Bxf6 Qxf6 27. Bxe4 Qh4
28. Bd5+ Kh8 29. Rxe7 Qxe7 30. Qe2 Qh4 31. Qg4 Qxg4 32. hxg4 Bd4 33. Re2 Bc5 34.
g3 Kg7 35. Kg2 Kf6 36. Re6+ Kg7 37. f4 Rf7 38. Re8 Rd7 39. Be6 1-0

[Event "Titled Tue 24th Jun Early"]
[Site "chess.com INT"]
[Date "2025.06.24"]
[Round "4"]
[White "FAWOLE, John Oyeyemi"]
[Black "Gardezi, Arsal"]
[Result "0-1"]
[WhiteTitle "FM"]
[WhiteElo "1987"]
[BlackElo "2048"]
[WhiteFideId "8501319"]
[BlackFideId "30949521"]
[EventDate "2025.06.24"]

1. e4 c5 2. Nf3 d6 3. d4 cxd4 4. Nxd4 Nf6 5. Nc3 g6 6. Be2 Bg7 7. O-O O-O 8. Be3
Nc6 9. Nb3 Bd7 10. f4 Rc8 11. Bf3 h5 12. h3 a6 13. Qe2 Be6 14. f5 Bxb3 15. axb3
Ne5 16. fxg6 fxg6 17. Bd4 Nxf3+ 18. Rxf3 e5 19. Be3 Kh7 20. Bg5 Qb6+ 21. Kh1 Nd7
22. Nd5 Qc5 23. c3 Rxf3 24. Qxf3 Rf8 25. Be3 Qc6 26. Qe2 Nf6 27. Nxf6+ Rxf6 28.
Qd3 Rf7 29. Rd1 Bh6 30. Bxh6 Kxh6 31. Qe3+ Kh7 32. Rd5 Qd7 33. Kh2 Qe7 34. Qd2
Rf6 35. c4 Qf7 36. Qd3 h4 37. Qe3 Rf1 38. Qg5 Qf2 39. Qe7+ Kh6 0-1

[Event "Titled Tue 24th Jun Early"]
[Site "chess.com INT"]
[Date "2025.06.24"]
[Round "4"]
[White "Krsnik Cohar, Ivan Vihor"]
[Black "Arslanov, Shamil"]
[Result "1-0"]
[WhiteTitle "FM"]
[BlackTitle "IM"]
[WhiteElo "2362"]
[BlackElo "2410"]
[WhiteFideId "14520044"]
[BlackFideId "4192826"]
[EventDate "2025.06.24"]

1. d4 e5 2. dxe5 d6 3. exd6 Bxd6 4. c3 Nc6 5. Nf3 Bg4 6. Bg5 f6 7. Bh4 Qe7 8.
Nbd2 O-O-O 9. Qa4 Nh6 10. e3 Bd7 11. Bg3 Bxg3 12. hxg3 Ng4 13. Bb5 h5 14. Bxc6
Bxc6 15. Qxa7 b6 16. O-O h4 17. gxh4 Rxd2 18. Qa6+ Bb7 19. Qa4 Bxf3 20. gxf3 Ne5
21. Qa8+ Kd7 22. Qxh8 Nxf3+ 23. Kg2 Qe4 24. Qxg7+ Kc8 25. Kg3 Ne5 26. f3 Qxe3
27. Rae1 Re2 28. Rxe2 Qxe2 29. Rf2 Qe1 30. Qxf6 Nd3 31. Qh8+ Kb7 32. Qd4 Qg1+
33. Rg2 Qe1+ 34. Kh2 Qe3 35. Qxe3 1-0

[Event "Titled Tue 24th Jun Early"]
[Site "chess.com INT"]
[Date "2025.06.24"]
[Round "4"]
[White "Saiz Rodriguez, Daniel Evelio"]
[Black "Sarkar, Justin"]
[Result "1-0"]
[WhiteTitle "FM"]
[BlackTitle "IM"]
[WhiteElo "2187"]
[BlackElo "2284"]
[WhiteFideId "3523420"]
[BlackFideId "2010011"]
[EventDate "2025.06.24"]

1. c4 e5 2. Nc3 Bb4 3. Nd5 Be7 4. d4 exd4 5. Qxd4 Nf6 6. Nxe7 Qxe7 7. Nf3 Nc6 8.
Qe3 Qxe3 9. Bxe3 Nb4 10. Nd4 c5 11. Nb5 Nc2+ 12. Kd2 Nxe3 13. Kxe3 O-O 14. f3 d5
15. cxd5 Nxd5+ 16. Kf2 Bd7 17. Nd6 Bc6 18. e4 Nb4 19. Bc4 Nc2 20. Rac1 Nd4 21.
Rhe1 Rad8 22. e5 b5 23. Bf1 c4 24. Red1 Ne6 25. b3 f6 26. bxc4 b4 27. c5 Kh8 28.
exf6 Rxf6 29. Bc4 Rd7 30. Re1 1-0

[Event "Titled Tue 24th Jun Early"]
[Site "chess.com INT"]
[Date "2025.06.24"]
[Round "4"]
[White "Kozak, Antoni"]
[Black "Fedotov, Nikita2"]
[Result "1-0"]
[BlackTitle "FM"]
[WhiteElo "2426"]
[BlackElo "2278"]
[WhiteFideId "21832030"]
[BlackFideId "24161446"]
[EventDate "2025.06.24"]

1. Nf3 d5 2. d4 Nf6 3. c4 e6 4. cxd5 exd5 5. Nc3 c6 6. Bg5 Be7 7. e3 Bf5 8. Bd3
Bxd3 9. Qxd3 O-O 10. O-O Ne8 11. Bf4 Nd6 12. Rab1 Nd7 13. Bxd6 Bxd6 14. b4 a6
15. a4 Nb6 16. b5 cxb5 17. axb5 a5 18. Rfc1 Qe7 19. Qf5 g6 20. Qc2 Rfc8 21. Qa2
Qd7 22. g3 Bb4 23. Ne5 Qd6 24. Na4 Nxa4 25. Qxa4 Qd8 26. Nd3 Bf8 27. h4 h5 28.
Kg2 Qd7 29. Rxc8 Qxc8 30. Rc1 Qf5 31. Nc5 b6 32. Na6 Rc8 33. Rc6 Qe4+ 34. Kh2
Qf5 35. Qa2 Re8 36. Nc7 1-0

[Event "Titled Tue 24th Jun Early"]
[Site "chess.com INT"]
[Date "2025.06.24"]
[Round "4"]
[White "Nakara Husain"]
[Black "Ratkovic, Miloje"]
[Result "0-1"]
[BlackTitle "GM"]
[WhiteElo "1713"]
[BlackElo "2489"]
[WhiteFideId "25636111"]
[BlackFideId "914517"]
[EventDate "2025.06.24"]

1. e4 d6 2. d4 Nf6 3. Nd2 e5 4. c3 Be7 5. Ngf3 Nbd7 6. Bc4 O-O 7. O-O c6 8. Re1
a5 9. a4 h6 10. Nf1 d5 11. exd5 cxd5 12. dxe5 dxc4 13. exf6 Bxf6 14. Be3 Qc7 15.
Bd4 Rd8 16. Ne3 Nc5 17. Nxc4 Bg4 18. Qc2 Bxf3 19. Bxf6 gxf6 20. gxf3 Nd3 21. Re4
f5 22. Rh4 Qe7 23. Rh3 f4 24. Kh1 Ra6 25. Rg1+ Rg6 26. Rxg6+ fxg6 27. Rh5 gxh5
28. Nxa5 Qe1+ 29. Kg2 Rd7 30. Qb3+ Kh8 31. Qb5 Qxf2+ 32. Kh3 Qxf3+ 33. Kh4 Qg4# 0-1

[Event "Titled Tue 24th Jun Early"]
[Site "chess.com INT"]
[Date "2025.06.24"]
[Round "4"]
[White "Navarro Lopez-Menchero, Daniel"]
[Black "Volovich, Vasily"]
[Result "0-1"]
[WhiteTitle "FM"]
[BlackTitle "FM"]
[WhiteElo "2240"]
[BlackElo "2177"]
[WhiteFideId "2297370"]
[BlackFideId "34169676"]
[EventDate "2025.06.24"]

1. e4 e6 2. d4 d5 3. exd5 exd5 4. Nf3 Nf6 5. Bd3 c5 6. O-O c4 7. Re1+ Be7 8. Bf1
O-O 9. b3 cxb3 10. axb3 Nc6 11. c4 Bf5 12. Ne5 dxc4 13. Nxc6 bxc6 14. bxc4 Bb4
15. Bd2 Qxd4 16. Bxb4 Qxa1 17. Bxf8 Rxf8 18. Qb3 h6 19. Bd3 Bxd3 20. Qxd3 Rb8
21. Rd1 Qa5 22. h3 Qc5 23. Nd2 a5 24. Ne4 Nxe4 25. Qxe4 a4 26. Qf4 Re8 27. Rd7
Re7 28. Rd8+ Kh7 29. Ra8 a3 30. Qf3 Ra7 31. Qd3+ g6 32. Qd8 Rxa8 33. Qxa8 Kg7
34. g3 Qb4 35. Qxc6 Qb2 0-1

[Event "Titled Tue 24th Jun Early"]
[Site "chess.com INT"]
[Date "2025.06.24"]
[Round "4"]
[White "Perez Cruz, Adianet"]
[Black "Klevansky, Aron"]
[Result "1-0"]
[WhiteTitle "WFM"]
[BlackTitle "CM"]
[WhiteElo "1984"]
[BlackElo "1930"]
[WhiteFideId "3510115"]
[BlackFideId "14313332"]
[EventDate "2025.06.24"]

1. d4 Nf6 2. Bg5 e6 3. Bxf6 Qxf6 4. e3 Be7 5. Ne2 O-O 6. h4 b6 7. Nd2 Bb7 8. c3
c5 9. Nf4 d6 10. Qg4 Nd7 11. Bd3 Rfd8 12. Rh3 e5 13. Nh5 Qh6 14. dxc5 Nxc5 15.
Bf5 g6 16. Rg3 Kh8 17. b4 Na4 18. Be4 Bxe4 19. Qxe4 Qxh5 20. Qb7 Re8 21. Nf3
Nxc3 22. Rc1 Nxa2 23. Rc7 Bf8 24. Rxf7 Nxb4 25. Ng5 Nd3+ 26. Kd2 Re7 27. Rxe7
Bxe7 28. Qxe7 Nc5 29. Qf6+ Kg8 30. Qf7+ Kh8 31. Ne6 Nxe6 32. Qxe6 Qxh4 33. Qxd6 1-0